[Event "Ogolnopolska Olimpiada Mlodziezy C-14"]
[Site "Spala"]
[Date "1899-12-30"]
[Round "4.7"]
[White "Blocinski, Maciej"]
[Black "Chylewski, Patryk"]
[Result "0-1"]
[WhiteTitle "I"]
[BlackTitle "I+"]
[WhiteElo "1665"]
[BlackElo "1899"]

1. d4 Nf6 2. c4 g6 3. d5 Bg7 4. Nc3 d6 5. e4 e5 6. dxe6 Bxe6 7. e5 dxe5 8. Qxd8+
Kxd8 9. Nf3 Nbd7 10. Ng5 Ke7 11. Nxe6 Kxe6 12. Be3 c6 13. O-O-O Ng4 14. Ne4 Nxe3
15. fxe3 Bh6 16. Rd3 f5 17. g3 Ke7 18. Bh3 Nb6 19. Nd2 Rhd8 20. Rb3 Rd7 21. c5
Na4 22. Rb4 Nxc5 23. Rh4 Bxe3 24. Rxh7+ Ke6 25. Rxd7 Kxd7 26. Kc2 Bxd2 27. Kxd2
Ke6 28. Ke3 Rd8 29. Rc1 Ne4 30. g4 Ng5 31. gxf5+ gxf5 32. Bg2 f4+ 33. Ke2 e4 34.
Ke1 f3 35. Bf1 Ke5 36. Rc2 Ne6 0-1

[Event "Ogolnopolska Olimpiada Mlodziezy C-14"]
[Site "Spala"]
[Date "1899-12-30"]
[Round "4.8"]
[White "Klepek, Witold"]
[Black "Miszkielo, Bartosz"]
[Result "1-0"]
[WhiteTitle "I"]
[BlackTitle "I"]
[WhiteElo "1815"]
[BlackElo "1707"]

1. e4 c5 2. Nf3 Nc6 3. d4 cxd4 4. Nxd4 e5 5. Nb5 d6 6. c4 a6 7. N5c3 Be6 8. Be3
Nf6 9. Be2 Be7 10. O-O O-O 11. f3 Nd7 12. Qd2 f5 13. exf5 Bxf5 14. Nd5 Nc5 15.
Rd1 Nd4 16. Bxd4 exd4 17. Qxd4 Bg5 18. Nbc3 Ne6 19. Qf2 Re8 20. Bd3 Bxd3 21. Rxd3
Nc5 22. Rdd1 Rc8 23. f4 Bf6 24. Rac1 Ne4 25. Nxe4 Rxe4 26. b3 b5 27. Qf3 Rd4 28.
Nxf6+ Qxf6 29. cxb5 Rxc1 30. Rxc1 axb5 31. Rc8+ Kf7 32. f5 d5 33. Qh5+ 1-0

[Event "Ogolnopolska Olimpiada Mlodziezy C-14"]
[Site "Spala"]
[Date "1899-12-30"]
[Round "4.9"]
[White "Sulkowski, Andrzej"]
[Black "Lukasiewicz, Krzysztof"]
[Result "1/2-1/2"]
[WhiteTitle "II+"]
[BlackTitle "I"]
[WhiteElo "1585"]
[BlackElo "1803"]

1. d4 Nf6 2. c4 e6 3. Nc3 Bb4 4. e3 b6 5. Bd3 Bb7 6. Nf3 O-O 7. Bd2 Bxc3 8. Bxc3
Ne4 9. O-O Nxc3 10. bxc3 d6 11. Qe2 Nd7 12. Rad1 Qe7 13. e4 e5 14. Nd2 Qg5 15.
f4 exf4 16. Qf3 Qa5 17. Qxf4 Qxc3 18. Nb3 Rae8 19. Rf3 Qb4 20. Rh3 f5 21. exf5
Re1+ 22. Rxe1 Qxe1+ 23. Qf1 Re8 24. Qxe1 Rxe1+ 25. Kf2 Rd1 26. Bc2 Rh1 27. Bd3
a5 28. Bf1 Nf6 29. Nd2 Ng4+ 30. Kg3 Ne3 31. Kf2 Nxf5 32. d5 Bc8 33. g4 Nh6 34.
Kg2 Nxg4 35. Rh4 Rxf1 36. Nxf1 Bf5 37. Kf3 Ne5+ 38. Ke3 Bb1 39. a3 Ba2 40. Nd2
g5 41. Re4 Kf7 42. Kd4 Nd7 43. Re1 Nc5 44. Kc3 a4 45. Rf1+ Kg6 46. Kb4 Bb3 47.
Rf8 Bd1 48. Rc8 Bg4 49. Rg8+ Kf6 50. Kb5 Bd7+ 51. Kb4 h5 52. Nf3 g4 53. Nh4 Nd3+
54. Kc3 Ne5 55. Kd4 b5 56. c5 dxc5+ 57. Kxc5 Nf7 58. Kd4 Nd6 59. Rg6+ Ke7 60.
Kc5 Ne4+ 61. Kd4 Nd6 62. Kc5 Ne4+ 63. Kd4 Nd6 64. Kc5 Be8 65. Re6+ Kd8 66. Re5
Nb7+ 67. Kb4 Nd6 68. Kc5 Nb7+ 69. Kb4 Nd6 70. Kxa4 bxa4 71. h3 1/2-1/2

[Event "Ogolnopolska Olimpiada Mlodziezy C-14"]
[Site "Spala"]
[Date "1899-12-30"]
[Round "4.10"]
[White "Bilczewski, Kacper"]
[Black "Filewicz, Radoslaw"]
[Result "1/2-1/2"]
[WhiteTitle "I"]
[BlackTitle "I"]
[WhiteElo "1801"]
[BlackElo "1508"]

1. e4 d5 2. exd5 Qxd5 3. Nc3 Qd8 4. d4 Nf6 5. Bc4 Bg4 6. f3 Bf5 7. Nge2 e6 8. O-O
c6 9. Kh1 Nbd7 10. Ng3 Bg6 11. Re1 Be7 12. Nce4 Qc7 13. c3 Nb6 14. Bd3 O-O 15.
Qc2 Nbd5 16. Nxf6+ Nxf6 17. Ne4 Nxe4 18. Bxe4 Rac8 19. Bxg6 hxg6 20. Be3 Rfd8
21. Rad1 Rd7 22. Qe4 Bd6 23. Bg1 Qa5 24. a3 Bb8 25. Qg4 Qc7 26. Re2 Rd5 27. g3
Qd8 28. Kg2 Qf6 29. Qe4 Rcd8 30. Red2 Bc7 31. Bf2 Bb6 32. b3 R5d7 33. Qc2 Qe7
34. a4 Bc7 35. Bg1 Bb6 36. Bf2 Bc7 37. Bg1 Bb6 38. Bf2 Bc7 39. b4 Qd6 40. Be3
Qe7 41. Bf2 Qd6 42. Be3 Qe7 43. Bf2 Qd6 44. Be1 Qe7 45. Bf2 Qd6 46. Qb2 1/2-1/2

[Event "Ogolnopolska Olimpiada Mlodziezy C-14"]
[Site "Spala"]
[Date "1899-12-30"]
[Round "4.11"]
[White "Tokarz, Krzysztof"]
[Black "Wyczling, Bartosz"]
[Result "1/2-1/2"]
[WhiteTitle "II"]
[BlackTitle "I"]
[WhiteElo "1498"]
[BlackElo "1747"]

1. g3 c5 2. Bg2 Nc6 3. Nf3 d5 4. d4 cxd4 5. Nxd4 e5 6. Nb3 Be6 7. Nc3 Bb4 8. Bd2
Nge7 9. O-O a6 10. Na4 Bd6 11. Nac5 Bxc5 12. Nxc5 b6 13. Nxe6 fxe6 14. e4 O-O
15. f4 dxe4 16. fxe5 Rxf1+ 17. Kxf1 Qd4 18. Bf4 Rf8 19. Qxd4 Nxd4 20. Rd1 Nxc2
21. Ke2 Nf5 22. Bxe4 Ncd4+ 23. Ke1 h6 24. g4 Nh4 25. Bg3 Nhf3+ 26. Bxf3 Nxf3+
27. Ke2 Ng5 28. Rd6 Rb8 29. Bf2 Kf7 30. Rxb6 Rc8 31. h4 Nh3 32. Kf3 Nxf2 33. Kxf2
a5 34. Rb5 Rc4 35. Kf3 a4 36. Ra5 Rb4 37. Ra7+ Kf8 38. h5 Rxb2 39. Rxa4 Rb1 40.
Ke2 Rb5 41. Ra7 Rxe5+ 42. Kf3 Re1 43. a4 Kg8 44. a5 Ra1 45. a6 Ra2 46. Kf4 Ra4+
47. Ke5 Rxg4 48. Kxe6 Ra4 49. Ra8+ Kh7 50. a7 Ra1 51. Kf5 Ra5+ 52. Ke6 Ra1 53.
Kd5 Ra2 54. Kc6 Ra1 55. Kb5 Rb1+ 56. Ka4 Ra1+ 57. Kb3 Ra6 58. Kb2 Ra5 59. Kc2
Ra1 60. Kb2 Ra6 61. Kc3 Ra2 62. Kc4 Ra1 63. Kc5 Rc1+ 64. Kb4 Rb1+ 65. Kc4 Ra1
66. Kb5 Rb1+ 1/2-1/2

[Event "Ogolnopolska Olimpiada Mlodziezy C-14"]
[Site "Spala"]
[Date "1899-12-30"]
[Round "4.12"]
[White "Szustakowski, Antoni"]
[Black "Janiszewski, Filip"]
[Result "0-1"]
[WhiteTitle "II"]
[BlackTitle "I"]
[WhiteElo "1621"]
[BlackElo "1824"]

1. d4 Nf6 2. c4 Nc6 3. Nf3 e6 4. Nc3 Bb4 5. Bg5 h6 6. Bxf6 Bxc3+ 7. bxc3 Qxf6 8.
e4 d6 9. Bd3 O-O 10. O-O e5 11. d5 Ne7 12. g3 Ng6 13. Re1 Bg4 14. Be2 Bd7 15.
Nd2 Qg5 16. Nf3 Qe7 17. Nd2 Rae8 18. Bg4 f5 19. Bh5 Kh7 20. exf5 Bxf5 21. Bg4
Qd7 22. Bxf5 Rxf5 23. Ne4 b6 24. Qc2 Ref8 25. Re3 Qf7 26. h4 Kh8 27. Qe2 Nf4 28.
Qg4 h5 29. Qxf5 Qxf5 30. gxf4 exf4 31. Ree1 Qg4+ 32. Kf1 f3 33. Red1 Qxe4 34.
Rd4 Qg6 0-1

[Event "Ogolnopolska Olimpiada Mlodziezy C-14"]
[Site "Spala"]
[Date "1899-12-30"]
[Round "4.13"]
[White "Szmer, Aleksander"]
[Black "Pietras, Daniel"]
[Result "0-1"]
[WhiteTitle "I"]
[BlackTitle "II+"]
[WhiteElo "1732"]
[BlackElo "1509"]

1. e4 e5 2. Nf3 Nc6 3. Nc3 Nf6 4. d4 exd4 5. Nxd4 Bb4 6. Nxc6 bxc6 7. Bd3 d5 8.
exd5 cxd5 9. O-O O-O 10. h3 h6 11. Qf3 c6 12. Bf4 Re8 13. Rad1 Be6 14. Ne2 Bd6
15. Rfe1 Bxf4 16. Nxf4 Qd6 17. c3 Bd7 18. Bc2 Rab8 19. Rxe8+ Rxe8 20. Ne2 Qe5
21. Ng3 Rb8 22. Bb3 Re8 23. Bc2 Rb8 24. b3 Re8 25. Qd3 Be6 26. Kf1 Bc8 27. Kg1
Kf8 28. Qf3 Bd7 29. Rd3 Qe1+ 30. Kh2 Ne4 31. Rd1 Ng5 32. Qd3 Qxf2 33. h4 Ne4 34.
Rf1 Qxg3+ 35. Qxg3 Nxg3 36. Kxg3 Re2 37. Bb1 h5 38. Bg6 Re3+ 39. Kh2 Be6 40. Bxh5
Rxc3 41. Bf3 Rc2 42. a4 Rb2 43. Rc1 Bd7 44. Rc3 Ke7 45. Kg3 Kd6 46. Kf4 f6 47.
g3 c5 48. Rd3 Be6 49. g4 d4 50. Bd1 Rf2+ 51. Kg3 Rb2 52. Kf4 Bd5 53. h5 Rf2+ 54.
Kg3 Rg2+ 55. Kf4 Rg1 56. Rd2 Rf1+ 57. Kg3 Rxd1 58. Rxd1 Bxb3 59. Rb1 Bc2 60. Rb8
Kc7 61. Rb5 Kc6 62. Kf2 Bxa4 63. Ra5 Bd1 64. Rxa7 Bxg4 65. Rxg7 Bxh5 66. Ke1 f5
67. Kd2 Bf3 68. Rg6+ Kd5 69. Rg8 Kc4 70. Rf8 Be4 71. Re8 d3 72. Rc8 Kd4 73. Rd8+
Bd5 74. Rf8 c4 75. Rc8 f4 0-1

[Event "Ogolnopolska Olimpiada Mlodziezy C-14"]
[Site "Spala"]
[Date "1899-12-30"]
[Round "4.14"]
[White "Hrymowicz, Artur"]
[Black "Leskiewicz, Ignacy"]
[Result "0-1"]
[WhiteTitle "II"]
[BlackTitle "I"]
[WhiteElo "1425"]
[BlackElo "1685"]

1. e4 c5 2. Nf3 d6 3. d4 cxd4 4. Nxd4 Nf6 5. Nc3 a6 6. Be2 e6 7. Be3 Nbd7 8. O-O
Be7 9. f4 Qc7 10. Qe1 O-O 11. Qg3 Rd8 12. f5 e5 13. Bh6 Bf8 14. Nb3 Kh8 15. Bg5
Be7 16. Qh4 Nb6 17. Rf3 Ng8 18. Rh3 h6 19. g4 d5 20. Bxe7 Qxe7 21. g5 Rd6 22.
Qg3 d4 23. Nd1 Bd7 24. Nf2 g6 25. gxh6 Kh7 26. Nd3 Re8 27. Nd2 Nxh6 28. Nf3 gxf5
29. Ndxe5 Rg8 30. Qxg8+ Kxg8 31. Nxd7 Nxd7 32. Rg3+ Rg6 33. Nxd4 Rxg3+ 34. hxg3
Qxe4 35. c3 Qe3+ 36. Kg2 f4 37. Rg1 Kf8 38. Bf3 fxg3 39. Rf1 Ne5 40. Bxb7 Qd2+
41. Kxg3 Qg5+ 42. Kf2 Nhg4+ 43. Ke2 Qe3+ 44. Kd1 Nf2+ 0-1

[Event "Ogolnopolska Olimpiada Mlodziezy C-14"]
[Site "Spala"]
[Date "1899-12-30"]
[Round "4.15"]
[White "Poplawski, Maciej"]
[Black "Wrobel, Michal"]
[Result "1-0"]
[WhiteTitle "II"]
[BlackTitle "I"]
[WhiteElo "1591"]
[BlackElo "1746"]

1. d4 d5 2. c4 e6 3. Nc3 Nf6 4. Bg5 Be7 5. e3 c6 6. Nf3 Nbd7 7. Qc2 O-O 8. Bd3
dxc4 9. Bxc4 b5 10. Bd3 Bb7 11. h4 Rc8 12. Rd1 a6 13. Qb1 Re8 14. Ne5 h6 15. Rh3
Nxe5 16. dxe5 Nd5 17. Bxe7 Qxe7 18. Ne4 Qb4+ 19. Kf1 Rc7 20. Nd6 Ree7 21. a3 Qa4
22. Bc2 Qa5 23. Rf3 c5 24. e4 Nb6 25. b4 1-0

[Event "Ogolnopolska Olimpiada Mlodziezy C-14"]
[Site "Spala"]
[Date "1899-12-30"]
[Round "4.16"]
[White "Mendak, Mateusz"]
[Black "Paliszewski, Dominik"]
[Result "0-1"]
[WhiteTitle "II"]
[BlackTitle "II"]
[WhiteElo "1575"]
[BlackElo "1648"]

1. e4 c6 2. d4 d5 3. Nc3 dxe4 4. Nxe4 Bf5 5. Nc5 Qc7 6. g4 Bg6 7. Bg2 e6 8. Nb3
Nd7 9. Ne2 Bd6 10. Be3 Ngf6 11. h3 O-O-O 12. Nc3 Bb4 13. O-O Bxc3 14. bxc3 Nd5
15. Qd2 N7b6 16. Na5 Nxe3 17. fxe3 Nd5 18. Nc4 Nf6 19. Ne5 Qxe5 20. dxe5 Rxd2
21. exf6 gxf6 22. Rac1 f5 23. gxf5 Bxf5 24. e4 Rg8 25. Rf2 Rxf2 26. Kxf2 Bg6 27.
Bf3 Rd8 28. Ke3 e5 29. Rg1 h6 30. h4 Rg8 31. Kf2 Bh7 32. Rf1 Kd7 33. Rb1 Kc7 34.
Re1 f6 35. Rf1 Rf8 36. Rg1 Rg8 37. Rf1 Kd6 38. Rb1 Rg7 39. a3 Ke6 40. a4 f5 41.
exf5+ Bxf5 42. Rc1 e4 43. Be2 Ke5 44. Rb1 a5 45. Rd1 Kf4 46. Rd4 Rd7 47. h5 Rxd4
48. cxd4 e3+ 49. Ke1 Bxc2 50. Bc4 Bxa4 51. d5 cxd5 52. Bxd5 b5 53. Bc6 Bb3 54.
Bxb5 a4 0-1

[Event "Ogolnopolska Olimpiada Mlodziezy C-14"]
[Site "Spala"]
[Date "1899-12-30"]
[Round "4.17"]
[White "Raczynski, Krzysztof"]
[Black "Bakalarczyk, Jakub"]
[Result "1-0"]
[WhiteTitle "I"]
[BlackTitle "II"]
[WhiteElo "1634"]
[BlackElo "1442"]

1. e4 e6 2. d4 d5 3. e5 c5 4. c3 Nc6 5. Nf3 Qb6 6. a3 Nh6 7. b4 cxd4 8. cxd4 Nf5
9. Be3 Be7 10. Bd3 O-O 11. Bxf5 exf5 12. Nc3 Be6 13. Ne2 h6 14. Qd3 Kh7 15. g4
g6 16. h3 Kg7 17. Ng3 f4 18. Bxf4 f5 19. gxf5 Bxf5 20. Nxf5+ Rxf5 21. Rg1 Raf8
22. Be3 Nxb4 23. axb4 Rxf3 24. b5 Bh4 25. Rg2 Rxh3 26. Ke2 a6 27. Rb1 Bg5 28.
bxa6 Qa5 29. Rxb7+ Kh8 30. Qxg6 Qa2+ 31. Kd3 Qc4+ 32. Kd2 Rxf2+ 33. Rxf2 Bxe3+
34. Kd1 Qc1+ 35. Ke2 Qd2+ 1-0

[Event "Ogolnopolska Olimpiada Mlodziezy C-14"]
[Site "Spala"]
[Date "1899-12-30"]
[Round "4.18"]
[White "Choina, Michal"]
[Black "Rak, Maciej"]
[Result "1-0"]
[WhiteTitle "II"]
[BlackTitle "II"]
[WhiteElo "1627"]
[BlackElo "1395"]

1. e4 c5 2. Nf3 e6 3. d4 cxd4 4. Nxd4 a6 5. Bd3 Nf6 6. O-O Qc7 7. Nc3 b5 8. a3
Bb7 9. Re1 d6 10. Be3 Be7 11. f4 Nbd7 12. Bf2 O-O 13. g4 g6 14. f5 e5 15. Nb3
d5 16. g5 Nxe4 17. Bxe4 dxe4 18. f6 Bxf6 19. gxf6 Nxf6 20. Nc5 Rad8 21. Qe2 Rde8
22. Nxb7 Qxb7 23. Bc5 Nh5 24. Bxf8 Kxf8 25. Qxe4 Qxe4 26. Nxe4 f5 27. Nc5 e4 28.
Rad1 Nf4 29. Re3 a5 30. h4 b4 31. axb4 axb4 32. Rf1 Nh5 33. Rxe4 1-0

[Event "Ogolnopolska Olimpiada Mlodziezy C-14"]
[Site "Spala"]
[Date "1899-12-30"]
[Round "4.19"]
[White "Gaj, Szymon"]
[Black "Miasik, Adrian"]
[Result "1-0"]
[WhiteTitle "II+"]
[BlackTitle "II"]
[WhiteElo "1544"]
[BlackElo "1594"]

1. d4 d5 2. c4 e6 3. Nc3 c5 4. cxd5 exd5 5. Nf3 Nc6 6. g3 Nf6 7. Bg5 Be7 8. Bg2
c4 9. O-O O-O 10. Ne5 Be6 11. f4 h6 12. Bxf6 Bxf6 13. f5 Bxe5 14. dxe5 Bc8 15.
Nxd5 Nxe5 16. f6 g6 17. Qc1 Kh7 18. Qf4 Nc6 19. Qxc4 Be6 20. Kh1 Nb4 21. Qxb4
Bxd5 22. Bxd5 Qxd5+ 23. e4 Qc6 24. Rac1 Qa6 25. Qc4 Qb6 26. Qb3 Qa6 27. e5 Rac8
28. Rfe1 Rxc1 29. Rxc1 b6 30. Qc4 Qa5 31. e6 Qf5 32. e7 Qf3+ 33. Kg1 Qe3+ 34.
Kg2 Qd2+ 35. Kh3 Rg8 36. Qxf7+ Kh8 37. Qxg8+ 1-0

[Event "Ogolnopolska Olimpiada Mlodziezy C-14"]
[Site "Spala"]
[Date "1899-12-30"]
[Round "4.20"]
[White "Karwat, Szymon"]
[Black "Krawczyk, Piotr"]
[Result "1-0"]
[WhiteTitle "II"]
[BlackTitle "II+"]
[WhiteElo "1379"]
[BlackElo "1513"]

1. e4 e5 2. Nf3 Nf6 3. Nxe5 d6 4. Nf3 Nxe4 5. d4 d5 6. Bd3 Be7 7. O-O O-O 8. Re1
Bf5 9. Nc3 Nxc3 10. bxc3 Be6 11. Bf4 Nd7 12. Qd2 Re8 13. Ng5 Nf8 14. Nxe6 Nxe6
15. Be5 Bf6 16. Bxf6 Qxf6 17. Re3 c5 18. Rh3 h6 19. Rf3 Qe7 20. Re1 c4 21. Bf5
Qg5 22. Qxg5 Nxg5 23. Rxe8+ Rxe8 24. Re3 Ne4 25. Bxe4 Rxe4 26. Rxe4 dxe4 27. g4
Kf8 28. Kg2 Ke7 29. f3 exf3+ 30. Kxf3 Ke6 31. Ke4 b5 32. a3 g6 33. h4 a5 34. h5
g5 35. d5+ Kd6 36. Kd4 f5 37. gxf5 g4 38. f6 g3 39. Ke3 g2 40. Kf2 Kd7 41. Kxg2
Ke8 42. d6 a4 43. Kf3 b4 44. cxb4 c3 45. Ke4 Kf8 46. d7 Kg8 47. d8=Q+ Kh7 48.
Qe7+ 1-0

[Event "Ogolnopolska Olimpiada Mlodziezy C-14"]
[Site "Spala"]
[Date "1899-12-30"]
[Round "4.21"]
[White "Kubiak, Jakub"]
[Black "Urbanski, Wojciech"]
[Result "1/2-1/2"]
[WhiteTitle "I"]
[BlackTitle "II"]
[WhiteElo "1646"]
[BlackElo "1400"]

1. e4 c5 2. Nf3 d6 3. d4 cxd4 4. Nxd4 a6 5. c4 Nf6 6. Nc3 g6 7. Be2 Bg7 8. O-O
Nc6 9. Be3 Bd7 10. f3 Rc8 11. Qd2 Nxd4 12. Bxd4 Be6 13. b3 O-O 14. Rac1 Qd7 15.
Rc2 Rc6 16. Rfc1 Nh5 17. Nd5 Bxd4+ 18. Qxd4 Bxd5 19. exd5 Rfc8 20. Bd3 Ng7 21.
Re1 Re8 22. Rce2 Rc7 23. Qb6 Kf8 24. b4 Qd8 25. Qd4 Rd7 26. a4 Kg8 27. a5 e6 28.
Bc2 e5 29. Qd2 Rc7 30. Qc3 Qc8 31. Bd3 Nh5 32. g3 f5 33. Rc2 Rd8 34. c5 Rdd7 35.
Qb3 Kf8 36. cxd6 Rxc2 37. Qxc2 Qxc2 38. Bxc2 Rxd6 39. Rxe5 Nf6 40. Bb3 Nd7 41.
Re6 Rxe6 42. dxe6 Ne5 43. Bd5 Nc6 44. Kf2 Nd8 45. Ke3 Ke7 46. Kd3 Nxe6 47. Bxb7
Nc7 48. Kc4 Kd6 49. f4 h6 50. h3 g5 51. fxg5 hxg5 52. h4 f4 53. hxg5 fxg3 54.
Kd3 Ke5 55. Ke3 Kf5 56. Kf3 Kxg5 57. Kxg3 Kf5 58. Kf3 Ke5 59. Ke3 Kd6 60. Ke4
Ke6 61. Kd4 Kd6 62. Kc4 Ke5 63. Kc5 Ke6 64. Kb6 Kd6 65. Ka7 Kd7 66. Bxa6 Nd5 67.
b5 Nb4 68. Kb7 Kd6 69. b6 Nc6 70. Bb5 Nxa5+ 71. Ka6 Nb3 72. b7 Nc5+ 1/2-1/2

[Event "Ogolnopolska Olimpiada Mlodziezy C-14"]
[Site "Spala"]
[Date "1899-12-30"]
[Round "4.22"]
[White "Trendowski, Michal"]
[Black "Laszczak, Przemyslaw"]
[Result "1/2-1/2"]
[WhiteTitle "II+"]
[BlackTitle "II+"]
[WhiteElo "1582"]
[BlackElo "1625"]

1. e4 c6 2. d4 d5 3. e5 Bf5 4. h4 h5 5. Be2 Bg6 6. g4 hxg4 7. Bxg4 e6 8. Nc3 Rxh4
9. Rxh4 Qxh4 10. Nh3 Be7 11. Nf4 Bxc2 12. Qxc2 Qxg4 13. Qh7 Nh6 14. Qc2 Bh4 15.
Nfe2 Nf5 16. Qd3 Qg2 17. Nd1 Qh1+ 18. Kd2 Na6 19. Qb3 Bg5+ 20. f4 Bd8 21. Qxb7
Nc7 22. Qxc6+ Kf8 23. b3 Qe4 24. Ba3+ Kg8 25. Bb2 Nh4 26. Qc2 Nf3+ 27. Kc1 Qxc2+
28. Kxc2 Nb5 29. a4 Rc8+ 30. Kd3 Ne1+ 31. Kd2 Ba5+ 32. Ndc3 Nxc3 33. Bxc3 Bxc3+
34. Nxc3 Ng2 35. Ne2 a5 36. Rh1 Rb8 37. Rh2 Nxf4 38. Nxf4 Rxb3 39. Nd3 Ra3 40.
Ke3 Rxa4 41. Rb2 Ra3 42. Rb8+ Kh7 43. Kd2 Kg6 44. Nc5 Kf5 45. Rb7 Kg6 46. Ra7
Ra2+ 47. Kc3 a4 48. Rxa4 Rxa4 49. Nxa4 f6 50. Nb6 Kf5 51. Nd7 fxe5 52. Nxe5 Ke4
53. Nf7 Kf4 54. Kd3 g5 55. Nd8 e5 56. dxe5 Kxe5 57. Nf7+ Kf4 58. Nxg5 Kxg5 59.
Kd4 Kf5 60. Kxd5 1/2-1/2

[Event "Ogolnopolska Olimpiada Mlodziezy C-14"]
[Site "Spala"]
[Date "1899-12-30"]
[Round "4.23"]
[White "Modlich, Kacper"]
[Black "Holownia, Michal"]
[Result "1-0"]
[WhiteTitle "II+"]
[BlackTitle "II"]
[WhiteElo "1592"]
[BlackElo "1576"]

1. e4 e5 2. Nf3 Nc6 3. Bb5 f5 4. Nc3 fxe4 5. Nxe4 d5 6. Nxe5 dxe4 7. Nxc6 Qd5 8.
c4 Qd6 9. Nxa7+ c6 10. Nxc8 Rxc8 11. Ba4 Nf6 12. O-O Qd4 13. Qe2 Bc5 14. Bc2 O-O
15. Rb1 Rcd8 16. b4 Ba7 17. Bb2 Qxd2 18. Qxd2 Rxd2 19. Bb3 c5 20. b5 Bb8 21. h3
Nh5 22. Bc1 Rd7 23. Be3 b6 24. Rbd1 Rfd8 25. a4 Nf4 26. Rxd7 Rxd7 27. Rd1 Rxd1+
28. Bxd1 Ne6 29. Bc2 Bf4 30. Bxe4 Bxe3 31. fxe3 Nc7 32. Kf2 h6 33. Bd5+ Kf8 34.
Kf3 Ke7 35. e4 Kf6 36. Kf4 g5+ 37. Kg4 Kg6 38. g3 h5+ 39. Kf3 Kf6 40. h4 Kg6 41.
Bb7 Ne6 42. Ke3 gxh4 43. gxh4 Kf6 44. Bd5 Nf8 45. Bc6 Ke5 46. a5 bxa5 47. b6 Kd6
48. b7 Kc7 49. e5 Ne6 50. Bd5 Ng7 51. Ke4 a4 52. Kd3 Nf5 53. e6 Ne7 54. Kc3 a3
55. Kb3 Kb8 56. Kxa3 Nxd5 57. cxd5 Kc7 58. e7 Kd7 59. b8=Q Kxe7 60. d6+ Ke6 1-0

[Event "Ogolnopolska Olimpiada Mlodziezy C-14"]
[Site "Spala"]
[Date "1899-12-30"]
[Round "5.1"]
[White "Kowalski, Igor"]
[Black "Janik, Igor"]
[Result "1/2-1/2"]
[WhiteTitle "I"]
[BlackTitle "I++"]
[WhiteElo "1852"]
[BlackElo "2052"]

1. d4 Nf6 2. c4 g6 3. Nc3 Bg7 4. e4 O-O 5. Nge2 d6 6. f3 e5 7. Bg5 Re8 8. d5 Nbd7
9. Qd2 a6 10. g4 b5 11. Ng3 bxc4 12. Bxc4 Rb8 13. h4 Nc5 14. h5 Rb4 15. b3 a5
16. Be3 Qe7 17. hxg6 fxg6 18. Bxc5 Rxc4 19. bxc4 dxc5 20. Nb5 Rf8 21. Qe3 Ne8
22. O-O-O Bf6 23. Kb1 Bg5 24. Qa3 Rf6 25. Ne2 Qf8 26. Rd3 Bd7 27. Qc3 h6 28. a4
Rb6 29. Qxe5 Nd6 30. Qc3 Qe8 31. Ka2 Nxb5 32. axb5 Bf6 33. e5 Bxe5 34. Re3 Bxc3
35. Rxe8+ Bxe8 36. Nxc3 Rf6 37. Rh3 Rf4 38. Ne4 Bd7 39. Rg3 Bc8 40. Kb3 Kf7 41.
Nxc5 h5 1/2-1/2

[Event "Ogolnopolska Olimpiada Mlodziezy C-14"]
[Site "Spala"]
[Date "1899-12-30"]
[Round "5.2"]
[White "Grela, Kacper"]
[Black "Karpus, Michal"]
[Result "1-0"]
[WhiteTitle "I+"]
[BlackTitle "I+"]
[WhiteElo "2025"]
[BlackElo "1902"]

1. e4 e5 2. Nf3 Nc6 3. Bb5 a6 4. Ba4 Nf6 5. O-O Be7 6. Re1 b5 7. Bb3 d6 8. c3 O-O
9. d3 Na5 10. Bc2 c5 11. Nbd2 Re8 12. Nf1 h6 13. Ng3 Bf8 14. d4 Qc7 15. b3 cxd4
16. cxd4 Nc6 17. Bb2 Nb4 18. Bb1 a5 19. a3 Nc6 20. Bd3 Qb6 21. d5 Nb8 22. b4 Bd7
23. h3 Rc8 24. Ne2 Nh5 25. Bc1 axb4 26. Be3 Qb7 27. axb4 Ra4 28. Qd2 Na6 29. Reb1
Rxa1 30. Rxa1 Ra8 31. g4 Nf6 32. Ng3 Nc7 33. Rxa8 Qxa8 34. Kg2 Nfe8 35. Ne1 Qa3
36. Nc2 Qb3 37. f4 f6 38. f5 Be7 39. h4 Na8 40. Ne2 Bd8 41. Qc3 Qa4 42. Qa3 Nb6
43. Nc3 Qxa3 44. Nxa3 Na4 45. Ncxb5 Bb6 46. Bxb6 Nxb6 47. Na7 Nc7 48. Nc6 Kf8
49. Nc4 Ncxd5 50. exd5 Nxd5 51. Nb8 Bb5 52. Kf3 Nxb4 53. Be2 e4+ 54. Kf2 d5 1-0

[Event "Ogolnopolska Olimpiada Mlodziezy C-14"]
[Site "Spala"]
[Date "1899-12-30"]
[Round "5.3"]
[White "Chylewski, Patryk"]
[Black "Gumularz, Szymon"]
[Result "1-0"]
[WhiteTitle "I+"]
[BlackTitle "I++"]
[WhiteElo "1899"]
[BlackElo "2024"]

1. d4 d6 2. e4 Nf6 3. Nc3 c6 4. f4 Qa5 5. Bd3 e5 6. Nf3 exd4 7. Nxd4 g6 8. Qe2
Bg7 9. Nb3 Qc7 10. O-O O-O 11. Kh1 Nbd7 12. Be3 Re8 13. a4 b6 14. Nd2 a6 15. Rfe1
Bb7 16. Rad1 Nxe4 17. Bxe4 d5 18. Qd3 dxe4 19. Ndxe4 Bxc3 20. bxc3 Rxe4 21. Qxe4
Nf6 22. Qe5 Qxe5 23. fxe5 Nd5 24. c4 Nxe3 25. Rxe3 Re8 26. h3 h6 27. Rb1 b5 28.
cxb5 cxb5 29. axb5 Rc8 30. bxa6 Bxa6 31. Rb6 Bf1 32. Kg1 Bc4 33. Rc3 Kg7 34. Rb4
Be6 35. Rxc8 Bxc8 36. c4 Bd7 37. Rb7 Bc6 38. Rb6 Be4 39. c5 Kf8 40. Rd6 Ke7 41.
c6 Bf5 42. c7 Bd7 43. Rc6 Bc8 44. Rd6 Bd7 45. Kf2 h5 46. h4 Ke8 47. Ke3 Ke7 48.
Kf4 Ke8 49. Kg5 Ke7 50. Rxd7+ 1-0

[Event "Ogolnopolska Olimpiada Mlodziezy C-14"]
[Site "Spala"]
[Date "1899-12-30"]
[Round "5.4"]
[White "Koziol, Kamil"]
[Black "Klepek, Witold"]
[Result "0-1"]
[WhiteTitle "I++"]
[BlackTitle "I"]
[WhiteElo "2005"]
[BlackElo "1815"]

1. e4 e6 2. d4 d5 3. Nc3 Bb4 4. e5 Qd7 5. Qg4 f5 6. Qd1 b6 7. a3 Bxc3+ 8. bxc3
Ba6 9. Bxa6 Nxa6 10. Nf3 O-O-O 11. a4 Nb8 12. Qd3 Kb7 13. a5 Ne7 14. O-O Nec6
15. axb6 cxb6 16. Ba3 Na5 17. Nd2 Rc8 18. Rfb1 Nc4 19. Nxc4 Rxc4 20. Bc1 Rhc8
21. Ra3 R8c7 22. Bd2 Ra4 23. Rba1 Rcc4 24. g4 Rxa3 25. Rxa3 g6 26. gxf5 gxf5 27.
Qh3 Nc6 28. Kf1 Na5 29. Ra1 Rc8 30. Ke2 Rg8 31. Qd3 Nc4 32. Bf4 Rg4 33. Bd2 Qg7
34. h3 Rh4 35. Kf1 Nxd2+ 36. Qxd2 Rxh3 37. Re1 Rh1+ 38. Ke2 Qg4+ 39. Kd3 Rxe1
40. Qxe1 Qe4+ 41. Qxe4 fxe4+ 42. Ke3 a5 43. c4 a4 0-1

[Event "Ogolnopolska Olimpiada Mlodziezy C-14"]
[Site "Spala"]
[Date "1899-12-30"]
[Round "5.5"]
[White "Woloch, Oskar"]
[Black "Drozdowski, Konrad"]
[Result "1-0"]
[WhiteTitle "I+"]
[BlackTitle "I+"]
[WhiteElo "1892"]
[BlackElo "1967"]

1. e4 c5 2. b3 b6 3. Bb2 Bb7 4. d3 e6 5. Nd2 d6 6. f4 Nc6 7. Ngf3 Nf6 8. g3 Be7
9. Bg2 O-O 10. O-O Qc7 11. Qe2 Rad8 12. a3 b5 13. Rae1 a6 14. Bh3 Qb6 15. Qf2
a5 16. g4 Nd7 17. g5 d5 18. exd5 exd5 19. f5 f6 20. g6 h6 21. Re6 Bc8 22. Rfe1
Rde8 23. d4 c4 24. bxc4 bxc4 25. Bc3 Qc7 26. Nh4 Nb6 27. R6e2 Na4 28. Nb1 Bd7
29. Bg2 Qd6 30. Bd2 Qc7 31. Bxd5+ Kh8 32. c3 Bd6 33. Bf7 Rxe2 34. Qxe2 Nd8 35.
Bd5 Nb6 36. Bf3 Bf4 37. Qf2 Bxd2 38. Nxd2 Qd6 39. d5 Nb7 40. Qd4 Qc5 41. Qxc5
Nxc5 42. Rb1 Nba4 43. Nxc4 Nxc3 44. Rc1 Nb5 45. Nb6 Nd3 46. Nxd7 Rd8 47. Rd1 Nb2
48. Rb1 1-0

[Event "Ogolnopolska Olimpiada Mlodziezy C-14"]
[Site "Spala"]
[Date "1899-12-30"]
[Round "5.6"]
[White "Sernecki, Franciszek"]
[Black "Walter, Szymon"]
[Result "0-1"]
[WhiteTitle "I"]
[BlackTitle "I+"]
[WhiteElo "1773"]
[BlackElo "1942"]

1. e4 c5 2. Nf3 Nc6 3. c3 Qa5 4. Bc4 d6 5. O-O Nf6 6. Re1 Bg4 7. Qb3 Nd8 8. e5
Bxf3 9. exf6 Bc6 10. fxe7 Bxe7 11. d4 cxd4 12. Bf4 Kf8 13. Qd1 d5 14. Bb3 Ne6
15. Bg3 Bf6 16. cxd4 Nxd4 17. Nc3 Nxb3 18. Bd6+ Kg8 19. axb3 Qd8 20. Bc5 d4 21.
Ne4 Be5 22. f3 b6 23. Bb4 Qd5 24. Qc2 a5 25. Rec1 Bb7 26. Nf2 g6 27. Bd2 h5 28.
Qd3 Kg7 29. Qe4 Rac8 30. Rc4 Qxe4 31. Nxe4 Bd5 32. Rxc8 Rxc8 33. b4 axb4 34. Bxb4
Rc2 35. Ba3 Bf4 36. Rd1 f5 37. Ng3 Be5 38. Re1 Bf6 39. Be7 d3 40. Bxf6+ Kxf6 41.
Rd1 Bc4 42. Nf1 Rxb2 43. Ne3 b5 44. Nf1 Ke5 45. Nd2 Kd4 46. Kf1 Kc3 47. Ke1 Kd4
48. Kf2 Bb3 0-1

[Event "Ogolnopolska Olimpiada Mlodziezy C-14"]
[Site "Spala"]
[Date "1899-12-30"]
[Round "5.7"]
[White "Zaleski, Lukasz"]
[Black "Filewicz, Radoslaw"]
[Result "1/2-1/2"]
[WhiteTitle "I"]
[BlackTitle "I"]
[WhiteElo "1876"]
[BlackElo "1508"]

1. e4 c5 2. Nf3 e6 3. d4 cxd4 4. Nxd4 a6 5. Bd3 d6 6. O-O Qc7 7. Kh1 Nd7 8. f4
Ngf6 9. Qe2 b6 10. Nc3 Bb7 11. Bd2 Be7 12. Rae1 Nc5 13. b4 Nxd3 14. cxd3 O-O 15.
Rc1 Qd7 16. Be3 b5 17. Nb3 Rac8 18. Rc2 Rfe8 19. Rfc1 Bf8 20. Bb6 e5 21. f5 g6
22. fxg6 hxg6 23. Nd1 Rxc2 24. Rxc2 Rc8 25. Nf2 Rc6 26. Be3 Rxc2 27. Qxc2 Qc6
28. Qb2 Qc7 29. a3 Bg7 30. g3 Qc8 31. Kg1 Qc7 32. Qd2 Kh7 33. h3 Qc8 34. Kh2 Qc7
35. g4 Bc8 36. Qc1 Ne8 37. Qxc7 Nxc7 38. d4 exd4 39. Bxd4 Ne6 40. Bxg7 Kxg7 41.
Kg3 Kf6 42. h4 Bb7 43. Kf3 Nf8 44. Nd3 Nd7 45. Kf4 Nf8 46. Nd4 Nd7 47. g5+ Ke7
48. e5 Nb6 49. exd6+ Kxd6 50. Nc5 Bc8 51. Nc2 Nd5+ 52. Kf3 Ke5 53. Nd3+ Kd6 54.
Nc5 Ke5 55. Nd3+ Kd6 56. Nc5 Ke5 57. Ke4+ 1/2-1/2